| 000 | 00681nam a2200205 ar4500 | ||
|---|---|---|---|
| 001 | 1023 | ||
| 005 | 20221127090108.0 | ||
| 008 | 081012s xxka 00110 eng d | ||
| 020 |
_a0415444500(pbk) : _cSR120.00 |
||
| 082 | 0 | 4 |
_a368.0091767 _bK528 2004 |
| 100 | 1 | _aKhorshid, Aly. | |
| 245 | 1 | 0 |
_aIslamic insurance : _ba modern approach to Islamic banking / _cAly Khorshid. |
| 250 | _a1st ed. | ||
| 260 |
_aLondon ; _aNew York : _bRoutledge, _c2004. |
||
| 300 |
_axiv, 230 p. ; _c24 cm. |
||
| 504 | _aIncludes bibl. references and index. | ||
| 650 | 4 |
_aInsurance _xReligious aspects _xIslam. |
|
| 650 | 4 |
_aBanks and banking _zIslamic countries. |
|
| 650 | 4 |
_aInsurance _zIslamic countries. |
|
| 999 |
_c1022 _d1022 |
||